000 00578nam a2200169Ia 4500
008 090711s9999 xx 000 0 und d
082 _b41692
100 _aगोडबोले मंदाकिनी
245 _aकैदी नं. Sाार सो बीस
260 _c1979
300 _a204
600 _aगोडबोले मंदाकिनी
630 _aकैदी नं. Sाार सो बीस
700 _aगोडबोले मंदाकिनी
730 _aकैदी नं. Sाार सो बीस
942 _cBOOK
999 _c294535
_d294535